|
|
|
|
| LEADER |
00802pam a22002538a 4500 |
| 001 |
00020829 |
| 005 |
20171026081022.0 |
| 008 |
110520s1986 ||||||Viesd |
| 041 |
0 |
# |
|a Vie
|
| 082 |
1 |
4 |
|a 891.73
|b Đ105G
|
| 100 |
0 |
# |
|a Đanhin Granhin
|
| 245 |
0 |
0 |
|a Bức tranh
|b Tiểu thuyết
|c Đanhin Granhin
|
| 260 |
# |
# |
|a H.
|b Cầu vồng
|c 1986
|
| 300 |
# |
# |
|c 19 cm
|a 439 tr.
|
| 650 |
# |
4 |
|a Liên Xô
|
| 650 |
# |
4 |
|a Văn học hiện đại
|
| 653 |
# |
# |
|a Tiểu thuyết
|
| 852 |
# |
# |
|a Kho đọc
|b KD.0006337
|
| 852 |
# |
# |
|b Kho mượn
|j KM.0010360, KM.0011325
|
| 852 |
# |
# |
|b Kho đọc
|j KD.0006337
|
| 852 |
# |
# |
|j KD.0006337
|j KM.0010360
|j KM.0011325
|
| 910 |
0 |
# |
|a hiếu
|d 20/05/2011
|
| 980 |
# |
# |
|a Trung tâm Học liệu Lê Vũ Hùng, Trường Đại học Đồng Tháp
|